[Event "Corr"]
[Site "?"]
[Date "1998.09.01"]
[Round "1"]
[White "Bericat Hugo"]
[Black "Ramirez Raul"]
[Result "1/2-1/2"]
[WhiteElo "2507"]
[BlackElo "2487"]
[PlyCount "29"]
[EventDate "1998.??.??"]
[Source "www.chesslib.no"]
[SourceDate "2004.05.04"]

1. d4 d5 2. e4 dxe4 3. Nc3 Nf6 4. f3 exf3 5. Nxf3 Bg4 6. h3 Bh5 7. g4 Bg6 8. Ne5 c6 9. Bg2 e6 10. Rf1 Bb4 11. Nxg6 hxg6 12. Qd3 Nd5 13. Bd2 Nxc3 14. bxc3 Bd6 15. c4 1/2-1/2

[Event "Corr"]
[Site "?"]
[Date "1997.??.??"]
[Round "?"]
[White "Bericat Angel Hugo"]
[Black "Craig Tom James"]
[Result "1/2-1/2"]
[WhiteElo "2507"]
[BlackElo "2388"]
[PlyCount "67"]
[EventDate "1997.??.??"]
[Source "www.chesslib.no"]
[SourceDate "2004.05.04"]

1. d4 d5 2. e4 dxe4 3. Nc3 Nf6 4. f3 exf3 5. Nxf3 e6 6. Bg5 Be7 7. Bd3 Nc6 8. a3 Nd5 9. Bxe7 Qxe7 10. Qd2 Bd7 11. O-O Nxc3 12. Qxc3 O-O 13. Qd2 Qd6 14. c3 f6 15. Qc2 h6 16. Rae1 Ne7 17. Nd2 Rad8 18. Ne4 Qc6 19. Nc5 Bc8 20. Be4 Qb6 21. b4 Nd5 22. Kh1 f5 23. Bf3 Qd6 24. Rf2 b6 25. Nd3 c6 26. Rfe2 Rf6 27. Ne5 Bb7 28. c4 Ne7 29. Rd2 Qc7 30. c5 b5 31. a4 a6 32. Qb3 Kh7 33. Bh5 Nd5 34. Rf2 1/2-1/2

[Event "Corr"]
[Site "?"]
[Date "1996.??.??"]
[Round "?"]
[White "Malmstroem Jan"]
[Black "Oorebeek Erwin"]
[Result "1-0"]
[WhiteElo "2500"]
[BlackElo "2380"]
[PlyCount "39"]
[EventDate "1996.??.??"]
[Source "www.chesslib.no"]
[SourceDate "2004.05.04"]

1. d4 d5 2. e4 dxe4 3. Nc3 Nf6 4. f3 exf3 5. Nxf3 e6 6. Bg5 Be7 7. Bd3 Nbd7 8. Qe2 c5 9. O-O-O cxd4 10. Nxd4 Qa5 11. h4 Qe5 12. Qxe5 Nxe5 13. Bb5+ Ned7 14. Rhe1 a6 15. Bxd7+ Bxd7 16. Nf5 Bc6 17. Nxg7+ Kf8 18. Bh6 Kg8 19. Rd3 Ng4 20. Rg3 1-0

[Event "Cardoza US Open"]
[Site "?"]
[Date "1998.08.08"]
[Round "8"]
[White "Nagle Sean"]
[Black "Rogers Ian"]
[Result "0-1"]
[WhiteElo "2265"]
[BlackElo "2605"]
[PlyCount "86"]
[EventDate "1998.??.??"]
[Source "www.chesslib.no"]
[SourceDate "2004.05.04"]

1. e4 d5 2. d4 dxe4 3. Nc3 Nf6 4. f3 exf3 5. Nxf3 e6 6. Bc4 a6 7. Bg5 Be7 8. Qe2 b5 9. Bd3 Bb7 10. O-O-O Nbd7 11. Rhf1 Nd5 12. Nxd5 Bxg5+ 13. Ne3 Bxe3+ 14. Qxe3 Bd5 15. Ne5 Nxe5 16. Qxe5 O-O 17. Rf4 Qd6 18. Rh4 f5 19. Qe2 g6 20. Kb1 Rae8 21. g4 Qf4 22. Qe1 fxg4 23. h3 Qf2 24. Rxg4 Qxe1 25. Rxe1 Rf3 26. h4 Rh3 27. b3 Rf8 28. Re5 Rf6 29. Be4 c6 30. h5 Kf7 31. hxg6+ hxg6 32. Bd3 a5 33. Reg5 Rh6 34. a3 b4 35. Rg3 Rf4 36. Bxg6+ Kf6 37. Bd3 Rxd4 38. Rg8 e5 39. Rf8+ Ke7 40. Ra8 e4 41. Be2 Rd2 42. Re3 Rh1+ 43. Kb2 Rh2 0-1

[Event "Heart of Finland op"]
[Site "?"]
[Date "1998.??.??"]
[Round "?"]
[White "Djurhuus Rune"]
[Black "Raaste Eero J"]
[Result "0-1"]
[WhiteElo "2510"]
[BlackElo "2345"]
[PlyCount "118"]
[EventDate "1998.??.??"]
[Source "www.chesslib.no"]
[SourceDate "2004.05.04"]

1. e4 d5 2. d4 dxe4 3. Nc3 Nf6 4. f3 exf3 5. Nxf3 g6 6. Bc4 Bg7 7. O-O O-O 8. h3 a6 9. a4 Qd6 10. Qe1 Nc6 11. Qh4 Bf5 12. Bf4 Qb4 13. Bb3 Nxd4 14. Nxd4 Qxd4+ 15. Kh1 c5 16. Qe1 Rfe8 17. Be5 Qd7 18. a5 Qc8 19. Na4 Qc6 20. Nb6 Bxh3 21. Qg3 Be6 22. Ba4 Qe4 23. Rae1 Qb4 24. Qf4 Qxa5 25. Nxa8 Rxa8 26. Bc7 Qb4 27. Qxb4 cxb4 28. Ba5 b5 29. Bb3 Bxb3 30. cxb3 Nd5 31. Rf2 Rc8 32. Rd1 e6 33. Rdf1 f5 34. Re2 Kf7 35. g4 f4 36. Kg2 g5 37. Kf3 Bf8 38. Rd1 h6 39. Ra1 Bg7 40. Rd1 Bf8 41. Ra1 Rc6 42. Rd1 Be7 43. Rh1 Rd6 44. Rd1 Nf6 45. Rxd6 Bxd6 46. Bd8 Be7 47. Bc7 Nd5 48. Be5 Bf6 49. Bd6 a5 50. Rc2 a4 51. Rc5 Bxb2 52. Rxb5 a3 53. Ra5 Bc3 54. Ra7+ Kg6 55. Bf8 h5 56. gxh5+ Kxh5 57. Ra6 g4+ 58. Ke4 Kg5 59. Rxe6 Nf6+ 0-1

[Event "Groningen NED"]
[Site "?"]
[Date "1998.??.??"]
[Round "?"]
[White "Blees Albert"]
[Black "Hoeksema Erik"]
[Result "0-1"]
[WhiteElo "2445"]
[BlackElo "2405"]
[PlyCount "70"]
[EventDate "1998.??.??"]
[Source "www.chesslib.no"]
[SourceDate "2004.05.04"]

1. d4 d5 2. e4 dxe4 3. Nc3 Nf6 4. f3 exf3 5. Nxf3 g6 6. Bc4 Bg7 7. O-O O-O 8. Qe1 Bg4 9. Ne5 Qxd4+ 10. Kh1 Nbd7 11. Bxf7+ Rxf7 12. Nxf7 Kxf7 13. Bf4 e5 14. Be3 Qc4 15. Bg5 Kg8 16. Qg3 Bf5 17. Rad1 Bxc2 18. b3 Qa6 19. Rc1 Re8 20. a4 c6 21. b4 Qc4 22. Rf2 Bf5 23. b5 Qb4 24. bxc6 bxc6 25. Rff1 e4 26. Nd1 Nd5 27. Rxc6 Ne5 28. Rc2 Qxa4 29. Rd2 Qb5 30. Re1 Nd3 31. Ree2 Be5 32. Qh4 Qb1 33. g4 e3 34. Bxe3 Be4+ 35. Kg1 Nxe3 0-1

[Event "London ENG"]
[Site "London ENG"]
[Date "1977.??.??"]
[Round "?"]
[White "Bellin, Robert"]
[Black "Bohm, Hans"]
[Result "0-1"]
[WhiteElo "2400"]
[BlackElo "2445"]
[PlyCount "66"]
[EventDate "1977.??.??"]
[Source "www.chesslib.no"]
[SourceDate "2004.05.04"]

1. d4 d5 2. e4 dxe4 3. Nc3 Nf6 4. f3 Bf5 5. Bc4 e6 6. g4 Nxg4 7. fxg4 Qh4+ 8. Kf1 Bxg4 9. Qd2 Nc6 10. Qf2 Qxf2+ 11. Kxf2 Nxd4 12. Bf4 f5 13. h3 Bh5 14. Nb5 Bc5 15. Nxc7+ Kd7 16. b4 Bb6 17. Nxa8 Rxa8 18. Kf1 Nxc2 19. Rc1 Nxb4 20. Rh2 Nd5 21. Rd2 g5 22. Bxg5 Rg8 23. Bxd5 exd5 24. Rg2 f4 25. Bxf4 Rf8 26. Ne2 Be3 27. Rc7+ Ke6 28. Rxh7 Bxe2+ 29. Kxe2 Bxf4 30. Rxb7 Rc8 31. Rb2 d4 32. Rg4 d3+ 33. Kf2 Rc2+ 0-1

[Event "San Sebastian op 23rd"]
[Site "?"]
[Date "2000.??.??"]
[Round "9"]
[White "Argandona Rivero Inigo"]
[Black "Korneev Oleg"]
[Result "0-1"]
[WhiteElo "2208"]
[BlackElo "2619"]
[PlyCount "104"]
[EventDate "2000.??.??"]
[Source "www.chesslib.no"]
[SourceDate "2004.05.04"]

1. d4 d5 2. e4 dxe4 3. Nc3 Nf6 4. f3 exf3 5. Nxf3 Bg4 6. h3 Bxf3 7. Qxf3 c6 8. Be3 e6 9. Bd3 Nbd7 10. O-O Be7 11. Rf2 O-O 12. Raf1 Nb6 13. Ne4 Nbd5 14. Bg5 Nd7 15. Nd6 Bxg5 16. Nxf7 Qe7 17. Qh5 Bh6 18. Nxh6+ gxh6 19. Qxh6 Rxf2 20. Rxf2 Rf8 21. Rxf8+ Nxf8 22. c4 Qf6 23. Qxf6 Nxf6 24. Kf2 Kf7 25. b4 Ng6 26. Ke3 e5 27. a4 exd4+ 28. Kxd4 Nd7 29. Bf5 Ngf8 30. b5 Ne6+ 31. Kc3 h6 32. bxc6 bxc6 33. Kb4 Ne5 34. Be4 Ke7 35. c5 Nf4 36. Kc3 a5 37. Kd4 Kf6 38. Ke3 Ne6 39. h4 Nxc5 40. Bc2 Ned7 41. g4 Ke5 42. g5 hxg5 43. hxg5 Nb6 44. g6 Nd5+ 45. Kd2 Kf6 46. Bb1 Nxa4 47. Kd3 Kxg6 48. Kd4+ Kf6 49. Bc2 Ndb6 50. Be4 c5+ 51. Kd3 Ke5 52. Bc6 c4+ 0-1

[Event "Corr"]
[Site "?"]
[Date "2000.10.15"]
[Round "?"]
[White "Lannaioli Alfonsino (ITA)"]
[Black "Arnold Lothar (GER)"]
[Result "1/2-1/2"]
[WhiteElo "2296"]
[BlackElo "2529"]
[PlyCount "63"]
[EventDate "2000.??.??"]
[Source "www.chesslib.no"]
[SourceDate "2004.05.04"]

1. d4 d5 2. e4 dxe4 3. Nc3 Nf6 4. f3 exf3 5. Nxf3 Bg4 6. h3 Bh5 7. g4 Bg6 8. Ne5 e6 9. Qf3 c6 10. Be3 Nbd7 11. Nxg6 hxg6 12. O-O-O Nd5 13. Nxd5 cxd5 14. Bb5 Bd6 15. h4 a6 16. Rdf1 Rf8 17. Bd3 Qa5 18. a3 O-O-O 19. h5 gxh5 20. gxh5 f5 21. Rfg1 Rf7 22. h6 gxh6 23. Rxh6 Re8 24. Qh5 Rff8 25. Rhg6 Rh8 26. Qf3 Kb8 27. Bf4 Bxf4+ 28. Qxf4+ Qc7 29. Qxc7+ Kxc7 30. Re1 Nf8 31. Rg7+ Nd7 32. Rg6 1/2-1/2

[Event "Verbandsliga Sued Baden 9596"]
[Site "?"]
[Date "1996.01.14"]
[Round "5.1"]
[White "Pape Joerg"]
[Black "Kallai Gabor"]
[Result "1/2-1/2"]
[WhiteElo "2325"]
[BlackElo "2490"]
[PlyCount "61"]
[EventDate "1996.??.??"]
[Source "www.chesslib.no"]
[SourceDate "2004.05.04"]

1. d4 d5 2. e4 dxe4 3. Nc3 e5 4. dxe5 Qxd1+ 5. Kxd1 Nc6 6. Bf4 Bf5 7. Bc4 Nge7 8. Bg3 Ng6 9. f4 exf3 10. Nxf3 h5 11. h3 h4 12. Bh2 Bc5 13. Re1 Rd8+ 14. Kc1 Bf2 15. Rf1 Be3+ 16. Kb1 O-O 17. Nd5 Bd4 18. Nxd4 Nxd4 19. Ne3 Be4 20. a4 Rde8 21. Bd5 Bxd5 22. Nxd5 c6 23. Nc3 Nxe5 24. Rf4 c5 25. Rxh4 Ng6 26. Rh5 b6 27. Bg3 Re6 28. a5 Rd8 29. axb6 axb6 30. Ra6 f5 31. Rg5 1/2-1/2

[Event "Corr"]
[Site "?"]
[Date "1997.??.??"]
[Round "?"]
[White "Schmidt Wolfgang"]
[Black "Koch Christian"]
[Result "0-1"]
[WhiteElo "2402"]
[BlackElo "2405"]
[PlyCount "98"]
[EventDate "1997.??.??"]
[Source "www.chesslib.no"]
[SourceDate "2004.05.04"]

1. d4 d5 2. e4 dxe4 3. Nc3 Nf6 4. f3 exf3 5. Nxf3 Bf5 6. Bc4 e6 7. O-O Be7 8. Bg5 O-O 9. Qe2 Nbd7 10. Rad1 c6 11. Kh1 Qa5 12. Ne5 Bb4 13. Bxf6 Nxf6 14. g4 Bg6 15. Nxg6 hxg6 16. Ne4 Be7 17. c3 Rad8 18. Rf4 e5 19. dxe5 Rxd1+ 20. Qxd1 Qxe5 21. Nxf6+ gxf6 22. Qd4 Bd6 23. Rf2 Kg7 24. Qxe5 fxe5 25. Bd3 Rd8 26. Rf3 Rh8 27. h3 Rh4 28. Re3 Bc5 29. Rg3 Bf2 30. Rf3 Bb6 31. Rg3 Bc7 32. Re3 Kh6 33. Kg2 Kg5 34. Re4 Rh8 35. Re3 f5 36. gxf5 gxf5 37. Rg3+ Kf6 38. Rf3 Rh5 39. Bc2 a6 40. h4 Bd8 41. Rd3 Ke7 42. Rh3 e4 43. Kg3 Kf6 44. Bd1 Rh6 45. Rh1 Ke5 46. h5 f4+ 47. Kf2 Bb6+ 48. Kg2 f3+ 49. Kg3 Rf6 0-1

[Event "DSU"]
[Site "?"]
[Date "1997.05.20"]
[Round "?"]
[White "Aulaskari Pauli (FIN)"]
[Black "Strand Karl Wilhelm (NOR)"]
[Result "0-1"]
[WhiteElo "2360"]
[BlackElo "2445"]
[PlyCount "62"]
[EventDate "1997.??.??"]
[Source "www.chesslib.no"]
[SourceDate "2004.05.04"]

1. d4 d5 2. e4 dxe4 3. Nc3 e5 4. Bc4 Qxd4 5. Qe2 Bb4 6. Bd2 Nf6 7. O-O-O Bxc3 8. Bxc3 Qc5 9. b4 Qe7 10. h4 Bf5 11. Nh3 h6 12. f4 Nbd7 13. fxe5 Nxe5 14. Bb3 c6 15. Qe3 Neg4 16. Qg3 Nh5 17. Qe1 O-O 18. Rf1 Bg6 19. Nf4 Nxf4 20. Rxf4 h5 21. Rxg4 hxg4 22. Qg3 Kh7 23. Qxg4 f5 24. Qg5 Qxg5+ 25. hxg5 Bf7 26. Rd7 Kg6 27. Rd6+ Kxg5 28. Bxg7 Bxb3 29. Bxf8 Rxf8 30. cxb3 Kf4 31. Kd1 Rg8 0-1

[Event "Berliner Sommer"]
[Site "Berlin GER"]
[Date "1994.??.??"]
[Round "?"]
[White "Keller, Christophe"]
[Black "Ruzele, Darius"]
[Result "0-1"]
[WhiteElo "2290"]
[BlackElo "2515"]
[PlyCount "70"]
[EventDate "1994.08.??"]
[Source "www.chesslib.no"]
[SourceDate "2004.05.04"]

1. d4 d5 2. e4 dxe4 3. Nc3 Bf5 4. f3 exf3 5. Nxf3 e6 6. Ne5 Nd7 7. Qf3 Nxe5 8. dxe5 c6 9. Be2 Bc5 10. Bd2 Qc7 11. O-O-O O-O-O 12. Be3 Rxd1+ 13. Rxd1 Bb6 14. Qg3 Bg6 15. Na4 Ne7 16. Bxb6 axb6 17. Qf2 Nd5 18. c4 b5 19. cxd5 cxd5+ 20. Nc5 b6 21. b4 bxc5 22. Qxc5 Qxc5+ 23. bxc5 b4 24. Rd4 Kc7 25. Rxb4 Kc6 26. Kd2 Kxc5 27. Kc3 f6 28. Rb5+ Kc6 29. Kd4 Ra8 30. Rc5+ Kb6 31. Rb5+ Kc7 32. Rc5+ Kd8 33. Rc6 Rxa2 34. exf6 Rxe2 35. fxg7 Bf7 0-1

[Event "Poysdorf Open"]
[Site "Poysdorf"]
[Date "1994.??.??"]
[Round "7"]
[White "Fancsy, Imre"]
[Black "Horvath, Imre"]
[Result "1/2-1/2"]
[WhiteElo "2400"]
[BlackElo "2390"]
[PlyCount "24"]
[EventDate "1994.??.??"]
[Source "www.chesslib.no"]
[SourceDate "2004.05.04"]

1. d4 d5 2. e4 dxe4 3. Nc3 Nf6 4. f3 exf3 5. Nxf3 Bg4 6. Bc4 e6 7. O-O Nbd7 8. h3 Bh5 9. g4 Bg6 10. Bf4 c6 11. Qe2 Be7 12. Rad1 O-O 1/2-1/2

[Event "Corr"]
[Site "?"]
[Date "2001.10.25"]
[Round "?"]
[White "Bocanegra Moreno Rufino (ESP)"]
[Black "Michalek Dr.Miroslav (CZE)"]
[Result "1-0"]
[WhiteElo "2346"]
[BlackElo "2416"]
[PlyCount "53"]
[EventDate "2001.??.??"]
[Source "www.chesslib.no"]
[SourceDate "2004.05.04"]

1. d4 d5 2. e4 dxe4 3. Nc3 Nf6 4. f3 exf3 5. Nxf3 Bg4 6. h3 Bh5 7. g4 Bg6 8. Ne5 e6 9. Qf3 c6 10. g5 Nh5 11. Bd3 Qxd4 12. Nxg6 hxg6 13. Rf1 Qe5+ 14. Ne2 Qc7 15. Be3 Bb4+ 16. c3 Bd6 17. Bxg6 fxg6 18. O-O-O Nd7 19. Qf7+ Kd8 20. Nd4 Kc8 21. Nxe6 Qb8 22. Bc5 Ne5 23. Bxd6 Nxf7 24. Rxf7 Qxd6 25. Rxd6 a5 26. Rdd7 Ra7 27. Nd4 1-0

[Event "Stratton Mountain, VT"]
[Site "?"]
[Date "1997.04.26"]
[Round "3"]
[White "Russell Hanon"]
[Black "Ziatdinov Raset"]
[Result "0-1"]
[WhiteElo "2216"]
[BlackElo "2536"]
[PlyCount "104"]
[EventDate "1997.??.??"]
[Source "www.chesslib.no"]
[SourceDate "2004.05.04"]

1. d4 d5 2. e4 dxe4 3. Nc3 Nf6 4. f3 e3 5. Bxe3 Bf5 6. Qd2 e6 7. O-O-O Nbd7 8. Bc4 Be7 9. Nge2 c6 10. g4 Bg6 11. h4 h5 12. Nf4 Nf8 13. g5 Nd5 14. Ncxd5 exd5 15. Bd3 Bxd3 16. Qxd3 Qd7 17. Rde1 O-O-O 18. Re2 Bd6 19. Rhe1 Re8 20. Bd2 Rxe2 21. Qxe2 Bxf4 22. Bxf4 Ng6 23. Qh2 Re8 24. Rxe8+ Qxe8 25. Kd2 b6 26. Bb8 Qd8 27. Be5 f6 28. gxf6 gxf6 29. Qh3+ Kb7 30. Bh2 Qe8 31. Qg3 Ka6 32. Qh3 Qf8 33. c3 f5 34. Be5 Qh6+ 35. Kd1 Nxe5 36. dxe5 Qf4 37. e6 Qe5 38. e7 Qxe7 39. Qxf5 Qxh4 40. Qc8+ Kb5 41. Qf5 Kc4 42. f4 Qg4+ 43. Qxg4 hxg4 44. f5 Kc5 45. Ke2 Kd6 46. Ke3 Ke5 47. f6 Kxf6 48. Kf4 c5 49. Kxg4 Ke5 50. Kf3 d4 51. cxd4+ cxd4 52. Ke2 Ke4 0-1

[Event "Groningen NED"]
[Site "?"]
[Date "1998.??.??"]
[Round "?"]
[White "Ernst Sipke"]
[Black "Blees Albert"]
[Result "0-1"]
[WhiteElo "2300"]
[BlackElo "2445"]
[PlyCount "44"]
[EventDate "1998.??.??"]
[Source "www.chesslib.no"]
[SourceDate "2004.05.04"]

1. d4 d5 2. e4 dxe4 3. Nc3 Nf6 4. f3 exf3 5. Nxf3 Bg4 6. Bc4 e6 7. Be3 Be7 8. Qe2 O-O 9. O-O-O Nbd7 10. h3 Bxf3 11. gxf3 Nb6 12. Bd3 Nbd5 13. Rhg1 Nxc3 14. bxc3 Nd5 15. Bh6 g6 16. Bxf8 Bxf8 17. Qd2 Ba3+ 18. Kb1 c5 19. Ka1 cxd4 20. Qh6 Qa5 21. Bxg6 Qxc3+ 22. Kb1 Qb2# 0-1

[Event "Corr"]
[Site "?"]
[Date "2002.05.01"]
[Round "?"]
[White "Nicholls Mervyn C.(ENG)"]
[Black "Van Tricht Marcel"]
[Result "0-1"]
[WhiteElo "2380"]
[BlackElo "2349"]
[PlyCount "130"]
[EventDate "2002.??.??"]
[Source "www.chesslib.no"]
[SourceDate "2004.05.04"]

1. d4 d5 2. e4 dxe4 3. Nc3 Nf6 4. f3 exf3 5. Nxf3 Bf5 6. Nh4 Bg4 7. Qd3 e6 8. h3 Bh5 9. g4 Nd5 10. Nxd5 Qxh4+ 11. Kd1 exd5 12. gxh5 Nc6 13. c3 Qxh5+ 14. Be2 Qg6 15. Qf3 Ne7 16. Bb5+ c6 17. Bd3 Qe6 18. Re1 Qd7 19. Kc2 h6 20. Re2 g6 21. Qf6 Rh7 22. Bf4 Bg7 23. Qh4 Kf8 24. Rg1 Nf5 25. Qg4 Re8 26. Rf2 Kg8 27. Kc1 h5 28. Qf3 Nxd4 29. cxd4 Bxd4 30. Bd2 Qd6 31. Bc2 b6 32. Bc3 Bxf2 33. Qxf2 c5 34. Bf6 Re6 35. Rf1 h4 36. Qf3 b5 37. b4 cxb4 38. Bd4 a6 39. Kd2 Kf8 40. Bb3 Re4 41. Qf2 Ke8 42. Bf6 Re6 43. Bc2 Qg3 44. Qc5 Kd7 45. Bd3 Rxf6 46. Qa7+ Kd8 47. Qa8+ Ke7 48. Re1+ Re6 49. Qa7+ Kd8 50. Rxe6 fxe6 51. Qxh7 Qg2+ 52. Ke1 Qxh3 53. Qxg6 Kc7 54. Qf7+ Kb6 55. Qf2+ Ka5 56. Kd2 Qg3 57. Qf6 Qh2+ 58. Be2 Qc7 59. Kd1 Qc3 60. Qxh4 Qa1+ 61. Kd2 Qxa2+ 62. Ke3 Qa3+ 63. Kf2 b3 64. Qd8+ Ka4 65. Qb6 Qf8+ 0-1

[Event "IRI-ch"]
[Site "?"]
[Date "2000.??.??"]
[Round "9"]
[White "Abbasifar Hasan"]
[Black "Ghorbani Mohsen"]
[Result "1-0"]
[WhiteElo "2375"]
[BlackElo "2350"]
[PlyCount "93"]
[EventDate "2000.??.??"]
[Source "www.chesslib.no"]
[SourceDate "2004.05.04"]

1. d4 d5 2. e4 dxe4 3. Nc3 Nf6 4. f3 Bf5 5. g4 Bg6 6. g5 Nd5 7. Nxe4 e6 8. Ne2 Be7 9. N2g3 h6 10. gxh6 gxh6 11. a3 Nc6 12. c4 Nf6 13. Be3 Nxe4 14. fxe4 Bg5 15. Bf2 h5 16. Bg2 h4 17. Ne2 e5 18. d5 Nb8 19. Qd3 Nd7 20. Nc3 Nf6 21. Bh3 Nh5 22. Be3 Nf4 23. Bxf4 Bxf4 24. Kd1 Kf8 25. Kc2 a6 26. Raf1 Bh5 27. Rf2 Rg8 28. Rhf1 Qd6 29. b4 Rd8 30. c5 Qe7 31. d6 cxd6 32. Nd5 Qg5 33. cxd6 Rg6 34. d7 Rd6 35. Nxf4 Rc6+ 36. Kb1 exf4 37. Rxf4 Bg6 38. Bf5 Bh5 39. Bh3 Qh6 40. Qd4 Bg6 41. Bf5 Qg7 42. Qxg7+ Kxg7 43. Bxg6 fxg6 44. Rf7+ Kh6 45. Re7 Rd6 46. Rff7 Rd2 47. e5 1-0

[Event "NORDBALT Senior Ch I"]
[Site "NORDBALT Senior Ch I"]
[Date "1995.??.??"]
[Round "?"]
[White "Arvoll, Olav"]
[Black "Hansen, Jens Haagen"]
[Result "0-1"]
[WhiteElo "2280"]
[BlackElo "2440"]
[PlyCount "58"]
[EventDate "1995.??.??"]
[Source "www.chesslib.no"]
[SourceDate "2004.05.04"]

1. d4 d5 2. e4 dxe4 3. Nc3 Nf6 4. f3 exf3 5. Qxf3 g6 6. Bf4 Bg7 7. O-O-O O-O 8. h3 c6 9. Bc4 Nbd7 10. g4 Nb6 11. Bb3 a5 12. a3 a4 13. Ba2 Nbd5 14. g5 Nxc3 15. bxc3 Nh5 16. Be5 Be6 17. Bxg7 Nxg7 18. c4 Qa5 19. Ne2 Qxg5+ 20. Kb2 b5 21. d5 cxd5 22. cxd5 Bd7 23. Rhf1 Nf5 24. Rd3 Rac8 25. Nd4 Qf6 26. Qd1 e5 27. dxe6 Bxe6 28. Bxe6 fxe6 29. c3 Ne3 0-1

[Event "Poyntner mem IM"]
[Site "St Poelten"]
[Date "2002.09.08"]
[Round "2"]
[White "Buss, Ralph"]
[Black "Videki, Sandor"]
[Result "0-1"]
[WhiteElo "2270"]
[BlackElo "2441"]
[PlyCount "68"]
[EventDate "2002.09.07"]
[Source "ChessBase"]
[SourceDate "2002.11.06"]

1. d4 d5 2. e4 dxe4 3. Nc3 Nf6 4. f3 e6 5. fxe4 Bb4 6. Bd3 Nxe4 7. Nge2 Nxc3 8. bxc3 Be7 9. O-O Nd7 10. Qe1 Nf6 11. Qg3 Bd7 12. Bf4 Nh5 13. Qf3 Nxf4 14. Nxf4 O-O 15. Qxb7 c6 16. Be4 Bd6 17. g3 Qe7 18. Rae1 Rab8 19. Qa6 c5 20. Qd3 g6 21. Bg2 Qd8 22. Kh1 Bb5 23. c4 Ba6 24. c3 cxd4 25. Qxd4 Qc7 26. Qf6 Bxf4 27. Rxf4 Bxc4 28. h4 Rb5 29. Bf1 Bd5+ 30. Kh2 Rb2+ 31. Kh3 Qd8 32. Qe5 f6 33. Qe3 e5 34. Ra4 Qd7+ 0-1

[Event "Open"]
[Site "?"]
[Date "1997.??.??"]
[Round "7"]
[White "Meszaros Gyula"]
[Black "Horvath Peter"]
[Result "1/2-1/2"]
[WhiteElo "2295"]
[BlackElo "2415"]
[PlyCount "72"]
[EventDate "1997.??.??"]
[Source "www.chesslib.no"]
[SourceDate "2004.05.04"]

1. d4 d5 2. e4 dxe4 3. Nc3 Nf6 4. f3 e3 5. Bxe3 e6 6. Bd3 Be7 7. Nge2 O-O 8. Qd2 b6 9. O-O-O Bb7 10. h4 a5 11. h5 a4 12. a3 Qc8 13. Bg5 Ra5 14. Kb1 Nbd7 15. Rh3 c5 16. d5 exd5 17. Rg3 Kh8 18. Bf5 Qd8 19. Qf4 d4 20. h6 g6 21. Bxd7 Nxd7 22. Nxd4 cxd4 23. Qxd4+ Nf6 24. Qh4 Bd5 25. Rg4 Qd6 26. Rgd4 Qe6 27. g4 Qxg4 28. Re4 Rd8 29. Bc1 Ne8 30. Rxa4 Qd7 31. Rxd5 Bxa3 32. Bd2 Bd6 33. Rg5 Bh2 34. Ra2 Ng7 35. Kc1 Ra7 36. Ra1 Qd6 1/2-1/2

[Event "Helsinki We G"]
[Site "?"]
[Date "1996.??.??"]
[Round "2"]
[White "Bakhrakh Victor"]
[Black "Kiik Kalle"]
[Result "0-1"]
[WhiteElo "2325"]
[BlackElo "2385"]
[PlyCount "46"]
[EventDate "1996.??.??"]
[Source "www.chesslib.no"]
[SourceDate "2004.05.04"]

1. e4 d5 2. d4 dxe4 3. Nc3 Nf6 4. f3 exf3 5. Nxf3 Bg4 6. Bc4 e6 7. Bg5 Nbd7 8. Qd2 Be7 9. O-O-O c6 10. Rde1 Bxf3 11. gxf3 Qa5 12. Kb1 Bb4 13. Bxf6 Bxc3 14. bxc3 Nxf6 15. Rhg1 g6 16. Qf4 Nd5 17. Bxd5 cxd5 18. Qf6 O-O 19. h4 Qd8 20. Qe5 Rc8 21. h5 Rc6 22. Rg3 Qd6 23. Qg5 Qa3 0-1

[Event "Zalakaros op 16th"]
[Site "?"]
[Date "1997.??.??"]
[Round "7"]
[White "Meszaros Gyula"]
[Black "Horvath Peter"]
[Result "1/2-1/2"]
[WhiteElo "2295"]
[BlackElo "2415"]
[PlyCount "72"]
[EventDate "1997.??.??"]
[Source "www.chesslib.no"]
[SourceDate "2004.05.04"]

1. d4 d5 2. e4 dxe4 3. Nc3 Nf6 4. f3 e3 5. Bxe3 e6 6. Bd3 Be7 7. Nge2 O-O 8. Qd2 b6 9. O-O-O Bb7 10. h4 a5 11. h5 a4 12. a3 Qc8 13. Bg5 Ra5 14. Kb1 Nbd7 15. Rh3 c5 16. d5 exd5 17. Rg3 Kh8 18. Bf5 Qd8 19. Qf4 d4 20. h6 g6 21. Bxd7 Nxd7 22. Nxd4 cxd4 23. Qxd4+ Nf6 24. Qh4 Bd5 25. Rg4 Qd6 26. Rgd4 Qe6 27. Re1 Qf5 28. Nxd5 Nxd5 29. Bxe7 Rc8 30. Ree4 Kg8 31. Bd8 Qd7 32. Rxd5 Rxd5 33. Qf6 Rd1+ 34. Ka2 Qd5+ 35. c4 Ra1+ 36. Kxa1 Qd1+ 1/2-1/2

[Event "Balatonfuzfo"]
[Site "Balatonfuzfo"]
[Date "1993.??.??"]
[Round "3"]
[White "Kurucsai, Istvan"]
[Black "Burmakin, Vladimir"]
[Result "0-1"]
[WhiteElo "2240"]
[BlackElo "2470"]
[PlyCount "56"]
[EventDate "1993.??.??"]
[Source "www.chesslib.no"]
[SourceDate "2004.05.04"]

1. d4 d5 2. e4 dxe4 3. Nc3 Nf6 4. Bg5 Bf5 5. f3 exf3 6. Qxf3 Qc8 7. Bxf6 gxf6 8. Nd5 Nc6 9. O-O-O Bg4 10. Qe4 Bh6+ 11. Kb1 Bxd1 12. Bb5 Kf8 13. Nh3 Qg4 14. Ndf4 Nb4 15. Ba4 c6 16. Re1 Nd5 17. c4 Bxa4 18. cxd5 Qd7 19. dxc6 Bxc6 20. d5 Bb5 21. Nh5 Rc8 22. b3 f5 23. Qb4 Qc7 24. Kb2 Qc2+ 25. Ka1 Qc3+ 26. Qxc3 Rxc3 27. Kb2 Re3 28. Rd1 Rd3 0-1

[Event "HUN-chT 9899"]
[Site "?"]
[Date "1999.??.??"]
[Round "?"]
[White "Berkes Ferenc"]
[Black "Seres Lajos"]
[Result "0-1"]
[WhiteElo "2290"]
[BlackElo "2420"]
[PlyCount "42"]
[EventDate "1999.??.??"]
[Source "www.chesslib.no"]
[SourceDate "2004.05.04"]

1. d4 d5 2. e4 dxe4 3. Nc3 e5 4. Qh5 exd4 5. Bc4 Qe7 6. Bg5 Nf6 7. Bxf6 Qxf6 8. Nxe4 Qg6 9. Qe2 Be7 10. Nf3 Nc6 11. O-O-O Bg4 12. h3 Bxf3 13. Qxf3 Ne5 14. Bb5+ c6 15. Qf4 Qe6 16. Ba4 Ng6 17. Qf3 Qxa2 18. Bb3 Qa1+ 19. Kd2 Bb4+ 20. Ke2 Qa6+ 21. Rd3 O-O 0-1

[Event "BEL-chT 0203"]
[Site "?"]
[Date "2003.01.26"]
[Round "7"]
[White "Hommeles Theo"]
[Black "Friedrichs Klaus"]
[Result "1/2-1/2"]
[WhiteElo "2460"]
[BlackElo "2246"]
[PlyCount "62"]
[EventDate "2003.??.??"]
[Source "www.chesslib.no"]
[SourceDate "2004.05.04"]

1. e4 d5 2. d4 dxe4 3. Nc3 Nf6 4. f3 Bf5 5. fxe4 Nxe4 6. Qf3 Nxc3 7. bxc3 Qc8 8. Bd3 e6 9. Nh3 Bd6 10. O-O O-O 11. Bxf5 exf5 12. Rb1 Nc6 13. Rb5 Ne7 14. Rxb7 c6 15. Rb3 c5 16. dxc5 Bxc5+ 17. Be3 Bxe3+ 18. Qxe3 Nd5 19. Qd3 Qc5+ 20. Qd4 Qc6 21. Rxf5 Rad8 22. Qe4 Rfe8 23. Re5 f6 24. Rxe8+ Rxe8 25. Qd4 Ne3 26. Qd2 Nxg2 27. c4 Qxc4 28. Rc3 Qb5 29. a4 Qb7 30. Rb3 Qc6 31. Rc3 Qb7 1/2-1/2

[Event "NORDBALT Senior Ch I"]
[Site "NORDBALT Senior Ch I"]
[Date "1995.??.??"]
[Round "?"]
[White "Arvoll, Olav"]
[Black "Partikas, Valentinas A"]
[Result "0-1"]
[WhiteElo "2280"]
[BlackElo "2425"]
[PlyCount "78"]
[EventDate "1995.??.??"]
[Source "www.chesslib.no"]
[SourceDate "2004.05.04"]

1. d4 d5 2. e4 dxe4 3. Nc3 Nf6 4. f3 exf3 5. Qxf3 g6 6. Bd3 Bg7 7. Nge2 c6 8. h3 Nbd7 9. O-O O-O 10. Bd2 Nb6 11. Rae1 Nbd5 12. Ne4 Nxe4 13. Qxe4 Be6 14. c4 Nf6 15. Qe3 Ne8 16. Kh1 Nd6 17. b3 Bf5 18. c5 Nb5 19. Bxf5 gxf5 20. Qg3 Kh8 21. Rxf5 Nxd4 22. Rh5 Nf5 23. Qf4 e6 24. Bc3 Qd3 25. Be5 f6 26. Bd6 Rfd8 27. Rxf5 Qxf5 28. Qb4 e5 29. Qxb7 a5 30. Kg1 Qe4 31. Qf7 a4 32. b4 Qxb4 33. Rf1 Qh4 34. Kh1 Qe4 35. Nc3 Qg6 36. Qb7 Qc2 37. Rf3 e4 38. Rg3 Rg8 39. Qxc6 e3 0-1